01043cam a2200313 a 450000100040000000500170000402000220002102000170004304000230006005000240008308200080010710000240011524500820013925000280022126000220024930000400027149000300031150000270034150500080036852001460037652100200052252100200054265000220056265000410058465000260062565000200065165000260067170000320069789920250710115004.0 a0375806148 (pbk.) a090129003990 aDLCcDLCdDLCbeng00aPZ7.O81167bGo 200200aFic1 aOsborne, Mary Pope.10aGood morning, gorillas /cby Mary Pope Osborne ; illustrated by Sal Murdocca. aFirst Edition July 2002 aNew York :c2002. a71 pages :billustrations ;c20 cm. aMagic Tree HousevBook 26 aA stepping stone book. aK  aThe magic tree house takes Jack and Annie to an African rainforest, where the siblings encounter gorillas and learn to communicate with them. a510 bLexile  aK bRaz-Plus  1aGorillavFiction. 1aHuman-animal communicationvFiction. 1aTime travelvFiction. 1aMagicvFiction. 1aTree housesvFiction.1 aMurdocca, Sal eillustrator